[Event "Gibraltar Masters"]
[Site "Caleta ENG"]
[Date "2011.01.25"]
[Round "1.53"]
[White "Jaunooby, Ali R"]
[Black "Krush, Irina"]
[Result "1/2-1/2"]
[BlackTitle "IM"]
[WhiteElo "2207"]
[BlackElo "2483"]
[WhiteFideId "413291"]
[BlackFideId "2012782"]
[EventDate "2011.01.25"]

1. d4 Nf6 2. c4 e6 3. Nc3 Bb4 4. Bg5 h6 5. Bh4 c5 6. d5 Bxc3+ 7. bxc3 d6 8. f3
e5 9. e4 Nbd7 10. Bf2 Nf8 11. h4 h5 12. g3 Ng6 13. Rb1 Qc7 14. Be3 Bd7 15. Rh2
Kf8 16. Rhb2 Rb8 17. Nh3 Kg8 18. Ng5 Nh7 19. Nh3 Nf6 20. Ng5 1/2-1/2

[Event "Gibraltar Masters"]
[Site "Caleta ENG"]
[Date "2011.01.25"]
[Round "1.54"]
[White "Das, Arghyadip"]
[Black "Byron, Alan M"]
[Result "1-0"]
[WhiteTitle "IM"]
[WhiteElo "2479"]
[BlackElo "2192"]
[WhiteFideId "5003610"]
[BlackFideId "401773"]
[EventDate "2011.01.25"]

1. e4 e6 2. d4 d5 3. Nc3 Bb4 4. e5 b6 5. a3 Bf8 6. h4 Qd7 7. h5 Bb7 8. Nf3 Nc6
9. Bf4 f5 10. exf6 gxf6 11. Nb5 Bd6 12. Nxd6+ cxd6 13. Qd2 O-O-O 14. O-O-O Kb8
15. b3 Ka8 16. Kb2 Nb8 17. g3 Qc7 18. Bh3 e5 19. Be3 Ne7 20. Rc1 Bc8 21. Bg2 e4
22. Ng1 b5 23. Ne2 Be6 24. Nf4 Bf7 25. g4 Nc8 26. f3 Rhe8 27. Rhe1 Nb6 28. Bf2
e3 29. Bxe3 Nc6 30. Bf1 Rb8 31. Ka1 b4 32. a4 Nc4 33. Bxc4 dxc4 34. d5 Ne5 35.
Qf2 Nd7 36. Bd4 Nb6 37. Bxb6 axb6 38. Rxe8 Bxe8 39. Ne6 Qa7 40. Kb1 Bxa4 41.
bxa4 c3 42. Qd4 Qxa4 43. Qc4 Kb7 44. Qc7+ 1-0

[Event "Gibraltar Masters"]
[Site "Caleta ENG"]
[Date "2011.01.25"]
[Round "1.55"]
[White "Valgmae, Toomas"]
[Black "Pogonina, Natalija"]
[Result "1/2-1/2"]
[BlackTitle "WGM"]
[WhiteElo "2190"]
[BlackElo "2472"]
[WhiteFideId "4502523"]
[BlackFideId "4147855"]
[EventDate "2011.01.25"]

1. d4 Nf6 2. c4 c5 3. d5 b5 4. cxb5 a6 5. b6 e6 6. Nc3 Nxd5 7. Nxd5 exd5 8. Qxd5
Nc6 9. e4 Be7 10. Nf3 O-O 11. Bc4 Rb8 12. O-O Rxb6 13. Rd1 d6 14. Bf4 Bg4 15.
Bxd6 Bxf3 16. gxf3 Nd4 17. Bg3 Qc8 18. Kg2 Rh6 19. Rxd4 cxd4 20. Qxd4 Bh4 21.
Rc1 Kh8 22. Qd2 Bxg3 23. fxg3 Rd8 24. Bd5 Qh3+ 25. Kg1 Rhd6 26. Qf4 f6 27. Rc7
h5 28. b4 R8d7 29. Rc8+ Rd8 30. Rc7 R8d7 31. Rc8+ Rd8 32. Rc7 R8d7 1/2-1/2

[Event "Gibraltar Masters"]
[Site "Caleta ENG"]
[Date "2011.01.25"]
[Round "1.56"]
[White "Urbina Perez, Juan Antonio"]
[Black "Flores Chico, Jorge"]
[Result "1-0"]
[WhiteTitle "CM"]
[WhiteElo "2189"]
[BlackElo "1999"]
[WhiteFideId "2217368"]
[BlackFideId "2231310"]
[EventDate "2011.01.25"]

1. e4 e6 2. d4 d5 3. Nd2 Nf6 4. e5 Nfd7 5. Bd3 c5 6. c3 Nc6 7. Ne2 cxd4 8. cxd4
f6 9. exf6 Nxf6 10. O-O Bd6 11. Nf3 Qc7 12. Bg5 O-O 13. Bh4 Nh5 14. Qc2 h6 15.
Bg6 Nf4 16. Nxf4 Rxf4 17. Bg3 Rf8 18. b4 Ne7 19. Bh7+ Kh8 20. Qxc7 Bxc7 21. Bxc7
Kxh7 22. Bd6 Re8 23. Bxe7 Rxe7 24. Rac1 b6 25. Rfe1 Ba6 26. Ne5 Bb5 27. Re3 a5
28. Ra3 Rea7 29. bxa5 Rxa5 30. Rb3 R8a6 31. h3 Be2 32. Rg3 Ra7 33. Rc8 Rxa2 34.
Ng6 Ra8 35. Rc7 R2a7 36. Nf8+ Kh8 37. Nxe6 Rxc7 38. Nxc7 Rd8 39. Rb3 b5 40. Rb2
Bc4 41. Rb1 Rb8 42. Na6 Rb7 43. f3 Ra7 44. Nb4 Kh7 45. Nc6 Ra2 46. Nb4 Rd2 47.
Nc6 Ra2 48. Nb4 Ra4 49. g4 Kg6 50. Kf2 Ra3 51. Rb2 Ra1 52. Nc2 Rh1 53. Kg2 Rd1
54. Na3 Kg5 55. Nxb5 Kf4 56. Nc7 Ke3 57. Ne6 g5 58. Rf2 Bd3 59. Ra2 Bf1+ 60. Kg3
Bd3 61. Kg2 Re1 62. Ra3 Re2+ 63. Kg3 Kd2 64. Ra2+ Bc2 65. Nc7 Re3 66. Nxd5 Rb3
67. Kf2 Kc1 68. Ne3 Bb1 69. Re2 Bd3 70. Re1+ Kd2 71. Rd1+ Kc3 72. d5 Kd4 73.
Nf5+ Ke5 74. d6 Kf4 75. Rd2 Bxf5 76. gxf5 1-0

[Event "Gibraltar Masters"]
[Site "Caleta ENG"]
[Date "2011.01.25"]
[Round "1.57"]
[White "Shepherd, Michael"]
[Black "Dougherty, Michael"]
[Result "0-1"]
[BlackTitle "FM"]
[WhiteElo "1999"]
[BlackElo "2183"]
[WhiteFideId "2401444"]
[BlackFideId "2601559"]
[EventDate "2011.01.25"]

1. d4 g6 2. e4 Bg7 3. Nc3 c6 4. Be3 d5 5. Qd2 dxe4 6. Nxe4 Nd7 7. Nf3 Ngf6 8.
Nxf6+ Nxf6 9. Bc4 Ne4 10. Qe2 Bg4 11. c3 Qa5 12. h3 Qh5 13. O-O-O Bxf3 14. Qxf3
Qxf3 15. gxf3 Nd6 16. Bd3 O-O-O 17. Rhe1 Rd7 18. Bf4 Nf5 19. Kc2 Nh4 20. Bc4 e6
21. Bg3 Nf5 22. Bf4 h6 23. b4 g5 24. Bh2 a6 25. a4 b5 26. Bb3 Kb7 27. axb5 axb5
28. Ra1 Rxd4 29. Ra3 Rdd8 30. Rea1 Ra8 31. Rxa8 Rxa8 32. Rxa8 Kxa8 33. f4 gxf4
34. Bxf4 Kb7 35. Kd3 Ne7 36. Bd1 Bxc3 37. Kxc3 Nd5+ 38. Kd4 Nxf4 39. Ke5 Nxh3
40. f4 f6+ 41. Kxe6 Nxf4+ 42. Kxf6 Nd5+ 0-1

[Event "Gibraltar Masters"]
[Site "Caleta ENG"]
[Date "2011.01.25"]
[Round "1.58"]
[White "Aerni, Andi"]
[Black "Cebada Benitez, Fernando"]
[Result "1-0"]
[WhiteElo "2182"]
[BlackElo "1997"]
[WhiteFideId "1313185"]
[BlackFideId "2224674"]
[EventDate "2011.01.25"]

1. e4 c5 2. c3 d5 3. exd5 Qxd5 4. d4 Nc6 5. Nf3 Nf6 6. Be3 cxd4 7. cxd4 e6 8.
Be2 Be7 9. Nc3 Qa5 10. O-O O-O 11. Qb3 a6 12. Rfd1 Nb4 13. Ne5 Nbd5 14. Nxd5
Nxd5 15. Bf3 Rd8 16. Nc4 Qb4 17. Qxb4 Bxb4 18. Rac1 b5 19. Bxd5 exd5 20. Ne5 Bd6
21. Nd3 Bg4 22. f3 Bf5 23. Rc6 Kf8 24. Bf4 Be7 25. Be5 Rdc8 26. Rxc8+ Rxc8 27.
Rc1 Rxc1+ 28. Nxc1 Bb1 29. a3 Bc2 30. Kf2 a5 31. Bc7 b4 32. axb4 axb4 33. Bb6
Bg5 34. Bc5+ Ke8 35. Na2 Bb3 36. Nxb4 Bc4 37. Nc6 Bb3 38. Na5 Ba4 39. Nb7 1-0

[Event "Gibraltar Masters"]
[Site "Caleta ENG"]
[Date "2011.01.25"]
[Round "1.59"]
[White "Khachatourian, Yerazik"]
[Black "Lacrosse, Marc"]
[Result "0-1"]
[BlackTitle "FM"]
[WhiteElo "1996"]
[BlackElo "2181"]
[WhiteFideId "12501948"]
[BlackFideId "200921"]
[EventDate "2011.01.25"]

1. e4 e5 2. Bc4 Nf6 3. d3 Nc6 4. Nf3 Bc5 5. Nbd2 O-O 6. O-O a6 7. c3 Ba7 8. h3
d6 9. Bb3 Be6 10. Re1 Re8 11. Nf1 h6 12. Ng3 Qd7 13. Be3 Bxe3 14. Rxe3 d5 15.
Nh4 Rad8 16. Ngf5 dxe4 17. dxe4 Qxd1+ 18. Bxd1 Rd2 19. b3 Red8 20. Bf3 Rb2 21.
Rae1 Rxa2 22. b4 Bc4 23. Ng3 Rdd2 24. Be2 Bxe2 25. R1xe2 g6 26. Rxd2 Rxd2 27.
Kf1 Kf8 28. Nf3 Ra2 29. Rd3 Ke7 30. Nd2 h5 31. f3 Ra3 32. Nb1 Ra1 33. Rd1 b5 34.
Ke1 a5 35. bxa5 Nxa5 36. Nd2 Ra2 37. Ne2 h4 38. Nc1 Ra1 39. Nd3 Rxd1+ 40. Kxd1
Nd7 41. f4 exf4 42. Nxf4 Ne5 43. Ke2 c5 44. Nd5+ Kd6 45. Nf3 Nxf3 46. gxf3 Ke5
47. Kd3 g5 48. Ke3 Nc4+ 49. Kd3 f5 50. Nc7 fxe4+ 51. fxe4 g4 52. Ke2 gxh3 53.
Kf2 Nd6 54. Kg1 Kxe4 55. Kh2 Kd3 56. Kxh3 Kxc3 57. Kxh4 b4 0-1

[Event "Gibraltar Masters"]
[Site "Caleta ENG"]
[Date "2011.01.25"]
[Round "1.60"]
[White "Tscharotschkin, Michael"]
[Black "Phillips, Owen S"]
[Result "1-0"]
[WhiteElo "2181"]
[BlackElo "1992"]
[WhiteFideId "4619510"]
[BlackFideId "417882"]
[EventDate "2011.01.25"]

1. d4 e6 2. Nf3 b6 3. e4 Bb7 4. Bd3 d6 5. Qe2 a6 6. a4 Nd7 7. O-O h6 8. Nc3 Ne7
9. d5 e5 10. Be3 g5 11. h4 g4 12. Nh2 h5 13. g3 Ng6 14. f3 gxf3 15. Rxf3 f6 16.
Rf5 Nc5 17. Raf1 Be7 18. Rxh5 Rg8 19. Kh1 Nxd3 20. cxd3 Bc8 21. Rh6 Bh3 22. Qh5
Bxf1 23. Rxg6 Rxg6 24. Qxg6+ Kd7 25. Qg4+ Ke8 26. Qg8+ Bf8 27. Qg6+ Kd7 28. Qf5+
Ke8 29. Nxf1 Qd7 30. Qxf6 Bg7 31. Qg5 Rb8 32. g4 b5 33. axb5 axb5 34. Ng3 Qf7
35. Nf5 Bf6 36. Qh6 b4 37. Ne2 Kd7 38. g5 Ra8 39. Qxf6 Ra1+ 40. Bc1 Qh5 41. Nfg3
Qxh4+ 42. Kg2 Kc8 43. Qf5+ Kb7 44. Qh3 1-0

[Event "Gibraltar Masters"]
[Site "Caleta ENG"]
[Date "2011.01.25"]
[Round "1.61"]
[White "Sigamoney, Cyril S"]
[Black "Arnott, Jonathan W"]
[Result "1/2-1/2"]
[WhiteElo "1978"]
[BlackElo "2176"]
[WhiteFideId "2055287"]
[BlackFideId "408077"]
[EventDate "2011.01.25"]

1. d4 d5 2. c4 c6 3. Nc3 Nf6 4. Nf3 a6 5. cxd5 cxd5 6. Bf4 Nc6 7. e3 Nh5 8. Bg5
h6 9. Bh4 g5 10. Bg3 Nxg3 11. hxg3 Bg7 12. Qb3 e6 13. Rc1 Qa5 14. Bd3 Qb4 15.
Qc2 Bd7 16. O-O Qd6 17. Qe2 g4 18. Nh4 h5 19. f4 Rh6 20. f5 Qxg3 21. Qf2 Qxf2+
22. Rxf2 Nxd4 23. exd4 Bxd4 24. Kf1 Bxf2 25. Kxf2 Ke7 26. Rd1 Rc8 27. Ke3 Kf6
28. Rf1 Kg5 29. g3 Re8 30. fxe6 Bxe6 31. Kd4 Rf6 32. Re1 Rf2 33. Re5+ Kh6 34.
Nf5+ Bxf5 35. Rxe8 Bxd3 36. Kxd3 Rxb2 37. a4 b5 38. axb5 axb5 39. Nxd5 Rb3+ 40.
Ke4 Rxg3 41. Nf4 b4 42. Rh8+ Kg7 43. Rxh5 b3 44. Rb5 Rc3 45. Ne2 Rh3 46. Nf4 Rf3
47. Rg5+ Kf8 48. Rxg4 Rf1 49. Rg2 Rb1 50. Nd3 Ke7 51. Kd4 Ke6 52. Kc3 Kf5 53.
Rf2+ Kg6 54. Ne5+ Kg5 55. Nxf7+ Kg4 56. Ne5+ Kg3 57. Re2 Kf4 58. Nd3+ Kf3 59.
Re8 Kg4 60. Rf8 Kg3 61. Nb2 Kg4 62. Kxb3 Rc1 63. Nd3 Rc7 64. Kb4 Rc2 65. Ne5+
Kg5 66. Nc4 Rc1 67. Kc5 Rd1 68. Nb2 Rd2 69. Nc4 Rd1 70. Nd6 Kg6 71. Rf2 Kg5 72.
Nc4 Rd3 73. Ne5 Rd1 74. Nf3+ Kf4 75. Nd4+ Ke3 76. Re2+ Kd3 77. Rh2 Ke4 78. Rh4+
Ke5 79. Nc6+ Kf5 80. Rh5+ Kf4 81. Nb4 Ke4 82. Rh4+ Ke5 83. Rc4 Kf5 84. Nd5 Ke5
85. Nc3 Rd8 86. Re4+ Kf5 87. Re2 Kf4 88. Nd5+ Kf5 89. Kd4 Ra8 90. Rf2+ Kg5 91.
Nc3 Rd8+ 92. Ke3 Re8+ 93. Ne4+ Kg6 94. Rf6+ Kg7 95. Ra6 Rb8 96. Kf4 Rb5 97. Ng3
Rb4+ 98. Kg5 Rb5+ 99. Nf5+ Kf7 100. Rf6+ Ke8 101. Kg6 Rb1 102. Ra6 Kd7 103. Kf6
Kc7 104. Nd4 Re1 105. Nb5+ Kb7 106. Rd6 Rb1 107. Nd4 Re1 108. Ne6 Rh1 109. Ke5
Re1+ 1/2-1/2

[Event "Gibraltar Masters"]
[Site "Caleta ENG"]
[Date "2011.01.25"]
[Round "1.62"]
[White "Lochte, Thomas"]
[Black "Costello, Colin A"]
[Result "1-0"]
[WhiteElo "2173"]
[BlackElo "1975"]
[WhiteFideId "4606272"]
[BlackFideId "403580"]
[EventDate "2011.01.25"]

1. e4 e5 2. Nf3 Nc6 3. Bb5 a6 4. Ba4 Nf6 5. d4 exd4 6. c3 Nxe4 7. Qe2 Qe7 8.
cxd4 Nf6 9. Be3 Nd5 10. Nc3 Nxe3 11. fxe3 g6 12. e4 Bg7 13. e5 O-O 14. Nd5 Qd8
15. O-O d6 16. Rad1 Bg4 17. h3 Be6 18. Nf6+ Bxf6 19. exf6 Bd5 20. Nh2 Re8 21.
Qd2 Re4 22. Qg5 Nxd4 23. Qxd5 Ne2+ 24. Kf2 Qxf6+ 25. Nf3 Rxa4 26. Kxe2 Qxb2+ 27.
Rd2 Qb5+ 28. Qxb5 axb5 29. Rc1 c6 30. Rxd6 Rxa2+ 31. Rd2 Kf8 32. Rxa2 Rxa2+ 33.
Nd2 Ke7 34. Kd3 f5 35. Re1+ Kd6 36. Re8 c5 37. Rd8+ Kc6 38. Ke3 c4 39. Rh8 f4+
40. Ke2 c3 41. Rc8+ Kd5 42. Rxc3 Kd6 43. Kd3 b4 44. Rb3 Kc5 45. Ne4+ Kb5 46.
Nc3+ 1-0

[Event "Gibraltar Masters"]
[Site "Caleta ENG"]
[Date "2011.01.25"]
[Round "1.63"]
[White "Lundback, Karl"]
[Black "Seyfried, Claus"]
[Result "0-1"]
[WhiteElo "1969"]
[BlackElo "2173"]
[WhiteFideId "1716026"]
[BlackFideId "1271085"]
[EventDate "2011.01.25"]

1. e4 c5 2. Nf3 e6 3. d3 g6 4. g3 Bg7 5. Bg2 Ne7 6. O-O Nbc6 7. Re1 O-O 8. Nbd2
d6 9. Nf1 b5 10. c3 Rb8 11. d4 cxd4 12. cxd4 d5 13. e5 Qb6 14. Ne3 f6 15. exf6
Bxf6 16. Nc2 Nf5 17. Be3 Bg7 18. Qd2 Rb7 19. Ne5 Nxe3 20. Qxe3 Nxe5 21. dxe5
Qxe3 22. Rxe3 Rc7 23. Nd4 Bd7 24. Bh3 Kf7 25. Rf3+ Ke7 26. Rxf8 Bxf8 27. Rd1 Kf7
28. Kf1 Rc4 29. b3 Rc3 30. Ke2 Bc5 31. Rd2 Bb6 32. Bg2 b4 33. h4 Bc7 34. Nf3 Rc1
35. Rb2 Bb6 36. Ng5+ Ke7 37. Rd2 h6 38. Nh3 Bb5+ 39. Kf3 Bc7 40. Kf4 Re1 0-1

[Event "Gibraltar Masters"]
[Site "Caleta ENG"]
[Date "2011.01.25"]
[Round "1.64"]
[White "Groffen, Hans"]
[Black "De Lillo, Michele"]
[Result "1-0"]
[WhiteElo "2169"]
[BlackElo "1964"]
[WhiteFideId "1004140"]
[BlackFideId "814504"]
[EventDate "2011.01.25"]

1. d4 Nf6 2. c4 g6 3. Nc3 Bg7 4. e4 d6 5. f3 O-O 6. Be3 Nc6 7. Nge2 a6 8. Qd2
Rb8 9. Rc1 e5 10. d5 Ne7 11. b4 Nd7 12. Ng3 f5 13. exf5 Nxf5 14. Nxf5 gxf5 15.
Be2 Nf6 16. O-O Rf7 17. Bg5 Qf8 18. f4 e4 19. Bd1 Bd7 20. a4 Re8 21. Re1 e3 22.
Rxe3 Rxe3 23. Qxe3 Re7 24. Qf2 Qe8 25. h3 Ne4 26. Nxe4 Rxe4 27. Kh2 Bd4 28. Qg3
Re3 29. Bf3 Kh8 30. Qh4 Qf8 31. a5 Bg7 32. Re1 Rxe1 33. Qxe1 Bf6 34. Qh4 Bg7 35.
Be7 Qg8 36. Bd8 c6 37. Be7 Qe8 38. Bh5 Qg8 39. Bxd6 cxd5 40. cxd5 Be8 41. Bf3
Bb5 42. Qe7 Qc8 43. Be5 Bxe5 44. fxe5 1-0

[Event "Gibraltar Masters"]
[Site "Caleta ENG"]
[Date "2011.01.25"]
[Round "1.65"]
[White "Christiansen, Johan-Sebastian"]
[Black "Daoudi, Kamal"]
[Result "0-1"]
[WhiteElo "1955"]
[BlackElo "2155"]
[WhiteFideId "1512668"]
[BlackFideId "9001069"]
[EventDate "2011.01.25"]

1. c4 Nf6 2. g3 e6 3. Bg2 d5 4. Nf3 Be7 5. O-O O-O 6. cxd5 exd5 7. d4 c6 8. Nc3
Nbd7 9. Re1 Re8 10. Qc2 Bf8 11. Bf4 g6 12. Rad1 Nh5 13. Bg5 f6 14. Bc1 f5 15.
Bg5 Be7 16. Bxe7 Qxe7 17. Qb3 Ndf6 18. Ne5 Be6 19. Na4 Ne4 20. f3 Nd6 21. Nc5
Bf7 22. e3 Rac8 23. Rc1 b6 24. Ncd3 Nc4 25. Bh3 Be6 26. Qc2 c5 27. Qf2 Nxe5 28.
Nxe5 c4 29. Bg2 Qd6 30. h3 b5 31. g4 Ng7 32. Qh4 Rf8 33. Red1 b4 34. e4 fxe4 35.
fxe4 dxe4 36. Bxe4 Bd5 37. Bb1 Ba8 38. Qg3 Qd5 39. Kh2 Ne6 40. h4 Nxd4 41. h5
Qxe5 42. Rxd4 Rf2+ 43. Kh3 Bg2+ 44. Kh4 g5# 0-1

[Event "Gibraltar Masters"]
[Site "Caleta ENG"]
[Date "2011.01.25"]
[Round "1.66"]
[White "Vaarala, Eric"]
[Black "Valhondo Morales, Ruben"]
[Result "1-0"]
[WhiteElo "2152"]
[BlackElo "1948"]
[WhiteFideId "1711962"]
[BlackFideId "22202692"]
[EventDate "2011.01.25"]

1. e4 c5 2. Nf3 d6 3. d4 cxd4 4. Nxd4 Nf6 5. Nc3 a6 6. f3 e5 7. Nb3 Be6 8. Be3
Be7 9. Qd2 O-O 10. Rg1 b5 11. g4 d5 12. g5 d4 13. gxf6 Bxf6 14. O-O-O dxe3 15.
Qxe3 Qc7 16. Nd5 Bxd5 17. exd5 Nd7 18. Bd3 a5 19. d6 Qb8 20. Nd2 g6 21. h4 Ra6
22. Ne4 Bg7 23. h5 Nf6 24. Nxf6+ Bxf6 25. hxg6 fxg6 26. Bxg6 hxg6 27. Rxg6+ Kf7
28. Qh6 Qd8 29. Qh7+ Ke6 30. d7 Rf7 31. Qh3+ Ke7 32. f4 e4 33. Qe3 Bxb2+ 34.
Kxb2 Rxg6 35. Qc5+ Ke6 36. Qe5# 1-0

[Event "Gibraltar Masters"]
[Site "Caleta ENG"]
[Date "2011.01.25"]
[Round "1.68"]
[White "Osuna Vega, Enrique"]
[Black "Garcia De Lomas Guerrero, Carlos"]
[Result "1-0"]
[WhiteTitle "CM"]
[WhiteElo "2140"]
[BlackElo "1940"]
[WhiteFideId "2219549"]
[BlackFideId "2245876"]
[EventDate "2011.01.25"]

1. e4 e6 2. d4 d5 3. Nc3 Nf6 4. e5 Nfd7 5. f4 c5 6. Nf3 Nc6 7. Be3 Qb6 8. Qd2
Qxb2 9. Rb1 Qa3 10. Be2 a6 11. O-O c4 12. f5 Bb4 13. Rxb4 Qxb4 14. fxe6 fxe6 15.
Ng5 Nd8 16. Nxd5 Qxd2 17. Nc7+ Ke7 18. Bxd2 Nb6 19. Ba5 h6 20. Bxb6 Rb8 21. Ne4
Kd7 22. Nc5+ Kc6 23. Rb1 1-0

[Event "Gibraltar Masters"]
[Site "Caleta ENG"]
[Date "2011.01.25"]
[Round "1.69"]
[White "Bihi, Mehdi"]
[Black "Tozer, Philip A A"]
[Result "0-1"]
[WhiteElo "1936"]
[BlackElo "2140"]
[WhiteFideId "637076"]
[BlackFideId "419982"]
[EventDate "2011.01.25"]

1. e4 e6 2. d4 d5 3. Nc3 Nf6 4. e5 Nfd7 5. f4 c5 6. Nf3 Nc6 7. Ne2 cxd4 8. Nexd4
Bc5 9. c3 O-O 10. Bd3 h6 11. O-O a6 12. Kh1 Qc7 13. Nxc6 bxc6 14. Qe2 a5 15. b3
Be7 16. Be3 c5 17. Rad1 Bb7 18. Bf2 a4 19. Bh4 Bxh4 20. Nxh4 axb3 21. axb3 Ra3
22. Bb1 Rb8 23. Qb2 Qa5 24. Qc2 Nf8 25. f5 Ba6 26. fxe6 fxe6 27. Rxf8+ Kxf8 28.
Qh7 Raxb3 29. Qh8+ Ke7 30. Qxg7+ Kd8 31. Bc2 R3b6 32. Nf5 R8b7 33. Qf8+ Kc7 34.
Nd6 Rb2 35. Qe7+ Kb8 36. Qe8+ Kc7 37. Qe7+ Kb8 38. Qe8+ Kc7 39. Qc8+ Kb6 40.
Qd8+ Rc7 41. c4 Ka7 42. cxd5 Rxc2 43. dxe6 Re2 44. h3 Rxe5 45. Kh2 Rxe6 46. Ra1
Qb6 47. Nb5+ Qxb5 48. Qxc7+ Ka8 49. Qc8+ Qb8+ 0-1

[Event "Gibraltar Masters"]
[Site "Caleta ENG"]
[Date "2011.01.25"]
[Round "1.70"]
[White "Daumen, Michael"]
[Black "Henrichsen, Jens"]
[Result "1-0"]
[WhiteElo "2130"]
[BlackElo "1925"]
[WhiteFideId "4672283"]
[BlackFideId "1401858"]
[EventDate "2011.01.25"]

1. d4 Nf6 2. c4 e6 3. Nf3 b6 4. e3 Bb7 5. Bd3 d5 6. O-O Be7 7. cxd5 exd5 8. Nc3
O-O 9. Ne5 Nbd7 10. b3 a6 11. Bb2 Re8 12. Rc1 Bf8 13. f4 c5 14. Na4 Rc8 15. Bf5
Rc7 16. Qd2 Ne4 17. Bxe4 dxe4 18. dxc5 b5 19. Rfd1 bxa4 20. Nxd7 Qc8 21. Nb6 Qf5
22. Nxa4 Bxc5 23. b4 Rd7 24. Qc3 Rxd1+ 25. Rxd1 1-0

[Event "Gibraltar Masters"]
[Site "Caleta ENG"]
[Date "2011.01.25"]
[Round "1.71"]
[White "Brown, David"]
[Black "Lipecki, Alexander"]
[Result "1/2-1/2"]
[WhiteElo "1923"]
[BlackElo "2126"]
[WhiteFideId "416150"]
[BlackFideId "1303511"]
[EventDate "2011.01.25"]

1. e4 g6 2. d4 Bg7 3. c3 d6 4. Nf3 Nf6 5. Bd3 Bg4 6. Be3 Nc6 7. Nbd2 e5 8. h3
Bd7 9. dxe5 Nxe5 10. Nxe5 dxe5 11. Qe2 Bc6 12. O-O-O Qe7 13. Nb3 b6 14. Bb5 Qe6
15. Bc4 Qe7 16. Bb5 Qe6 17. Bc4 1/2-1/2

[Event "Gibraltar Masters"]
[Site "Caleta ENG"]
[Date "2011.01.25"]
[Round "1.72"]
[White "Hvenekilde, Jorgen"]
[Black "Helin, Mikael"]
[Result "1-0"]
[WhiteTitle "FM"]
[WhiteElo "2121"]
[BlackElo "1914"]
[WhiteFideId "1400649"]
[BlackFideId "1703838"]
[EventDate "2011.01.25"]

1. d4 d5 2. Nf3 Nc6 3. Bf4 Bg4 4. e3 e6 5. Be2 Bd6 6. Bg3 Nge7 7. Nbd2 Ng6 8. c4
O-O 9. O-O f5 10. cxd5 exd5 11. Qb3 Nce7 12. Bxd6 Qxd6 13. Rac1 b6 14. h3 Bh5
15. Rfe1 Kh8 16. g3 Rae8 17. Bb5 c6 18. Bf1 Ng8 19. Qa4 c5 20. dxc5 bxc5 21.
Qxa7 Rc8 22. Qa6 Rc6 23. Qa4 Nf6 24. Nd4 Ra6 25. Qxa6 Qxa6 26. Bxa6 cxd4 27.
exd4 Ne4 28. Nxe4 dxe4 29. Rc8 Bf3 30. Rxf8+ Nxf8 31. Be2 Bxe2 32. Rxe2 Ne6 33.
Rd2 Kg8 34. d5 Nc5 35. d6 Nd7 36. a4 Kf7 37. a5 Ke6 38. a6 Ne5 39. d7 Nxd7 40.
Rxd7 1-0

[Event "Gibraltar Masters"]
[Site "Caleta ENG"]
[Date "2011.01.25"]
[Round "1.73"]
[White "Georgieva, Emilia"]
[Black "Vinas Guerrero, Carlos A."]
[Result "0-1"]
[WhiteElo "1907"]
[BlackElo "2121"]
[WhiteFideId "2902451"]
[BlackFideId "2216868"]
[EventDate "2011.01.25"]

1. d4 f5 2. e4 fxe4 3. Nc3 Nf6 4. Bg5 Nc6 5. f3 e3 6. Bxe3 d5 7. Qd2 Bf5 8. g4
Bg6 9. a3 Qd7 10. O-O-O O-O-O 11. Bh3 e6 12. Nce2 Bf7 13. g5 Ne8 14. f4 Nd6 15.
Ng3 Bg6 16. N1e2 Nc4 17. Qc3 Bd6 18. Rdf1 Rhf8 19. Bg4 Kb8 20. h4 Rde8 21. Kb1
b5 22. b4 a5 23. bxa5 Nxa3+ 24. Ka2 b4 25. Rb1 Ka7 26. Qb3 Bxc2 27. Qxd5 exd5
28. Bxd7 Bxb1+ 29. Rxb1 Rxe3 0-1

[Event "Gibraltar Masters"]
[Site "Caleta ENG"]
[Date "2011.01.25"]
[Round "1.74"]
[White "Steil-Antoni, Fiona"]
[Black "Leimeister, Winfried"]
[Result "1-0"]
[WhiteTitle "WIM"]
[WhiteElo "2118"]
[BlackElo "1906"]
[WhiteFideId "4001249"]
[BlackFideId "24653721"]
[EventDate "2011.01.25"]

1. e4 c5 2. c3 g6 3. d4 cxd4 4. cxd4 Bg7 5. Nc3 d6 6. Be3 Nc6 7. Qd2 Qa5 8. Nb5
Qxd2+ 9. Kxd2 Kd7 10. d5 Nb4 11. Nxa7 Bh6 12. Nxc8 Bxe3+ 13. fxe3 Rxc8 14. a3
Na6 15. Bxa6 bxa6 16. Ne2 Nf6 17. Nc3 Rc4 18. Kd3 Rhc8 19. h3 Kd8 20. Rhf1 Nd7
21. Ke2 Ne5 22. Rf4 Rb8 23. Ra2 g5 24. Rf5 f6 25. Rxe5 dxe5 26. Kd3 Rc7 27. b4
a5 28. Rb2 axb4 29. axb4 Ra8 30. Rb3 Ra1 31. b5 Kc8 32. b6 Rc5 33. Nb5 Kb7 34.
Na7 Ra6 35. Nc6 Rxb6 36. Rxb6+ Kxb6 37. Nxe7 Rc1 38. Ng8 Kc5 39. Nxf6 Rg1 40. g4
h6 41. Ng8 Rf1 42. Nxh6 Rf8 43. Ke2 Kc4 44. Nf5 Kc3 45. Ne7 Rf6 46. Nc6 1-0

[Event "Gibraltar Masters"]
[Site "Caleta ENG"]
[Date "2011.01.25"]
[Round "1.75"]
[White "Messam-Sparks, Lateefah"]
[Black "Carlsten, Peter"]
[Result "1/2-1/2"]
[WhiteElo "1904"]
[BlackElo "2110"]
[WhiteFideId "470813"]
[BlackFideId "1705067"]
[EventDate "2011.01.25"]

1. d4 f5 2. c4 Nf6 3. Nc3 g6 4. g3 Bg7 5. Bg2 O-O 6. Nf3 d6 7. d5 c6 8. O-O Bd7
9. Qb3 Qc7 10. c5 Kh8 11. cxd6 exd6 12. Bf4 c5 13. Rac1 Nh5 14. Bd2 a6 15. Ng5
c4 16. Qc2 Re8 17. e3 h6 18. Nf3 b5 19. Ne2 Qb6 20. Bc3 a5 21. Bxg7+ Nxg7 22.
Nfd4 Na6 23. a3 Nc5 24. Nf4 g5 25. Nfe6 Nd3 26. Rb1 Rac8 27. Nxg7 Kxg7 28. Qc3
Kh7 29. Nc2 Rf8 30. Ne1 Ne5 31. Nc2 Nd3 32. Ne1 b4 33. axb4 axb4 34. Qc2 Ne5 35.
Nf3 Nd3 36. Ne1 b3 37. Qc3 Nb4 38. Nf3 Na2 39. Qd4 Qa6 40. Rfe1 c3 41. bxc3 Nxc3
42. Bf1 Qb7 43. Ra1 Rc7 44. Ra6 Qxd5 45. Qxd5 Nxd5 46. Rxd6 Nc3 47. Rb6 Bc6 48.
Nd4 Bd5 49. Nxb3 Bc4 50. Bxc4 Rxc4 51. Ra1 Na4 52. Rb7+ Kg6 53. Ra7 Nc5 54. Nxc5
Rxc5 55. R1a6+ Rf6 56. Ra2 Rfc6 57. Rd2 g4 58. Raa2 Rc1+ 59. Kg2 Rb1 60. Rdb2
Re1 61. Re2 Rb1 62. Rac2 Ra6 1/2-1/2

[Event "Gibraltar Masters"]
[Site "Caleta ENG"]
[Date "2011.01.25"]
[Round "1.76"]
[White "Collier, David O"]
[Black "Moreno Cervera, Jose Luis"]
[Result "1-0"]
[WhiteElo "2108"]
[BlackElo "1903"]
[WhiteFideId "406422"]
[BlackFideId "2274213"]
[EventDate "2011.01.25"]

1. d4 d5 2. c4 c6 3. Nf3 Nf6 4. Nc3 a6 5. e3 b5 6. b3 Bg4 7. h3 Bxf3 8. Qxf3 e5
9. dxe5 Bb4 10. Bd2 Bxc3 11. Bxc3 Ne4 12. Bb4 bxc4 13. Qg4 g6 14. bxc4 h5 15.
Qd1 a5 16. Ba3 a4 17. Be2 Qa5+ 18. Kf1 Nd7 19. cxd5 cxd5 20. Qd4 Ndc5 21. e6 O-O
22. e7 Rfb8 23. Bb2 Rxb2 24. Qxb2 Re8 25. g4 h4 26. Qe5 Nd2+ 27. Kg2 Qb4 28.
Qxd5 Rxe7 29. Qd8+ 1-0